| 000 | 00690nam a22002057a 4500 | ||
|---|---|---|---|
| 999 |
_c20288 _d20288 |
||
| 008 | 240514b ||||| |||| 00| 0 eng d | ||
| 020 | _a8120719379 | ||
| 082 |
_aDC 342.02 _bB46w 2003 |
||
| 100 |
_aBhagwan, Vishnoo. _957111 |
||
| 245 |
_aWorld constitutions / _cVishnoo Bhagwan and Vidya Bhushan. |
||
| 250 | _aRevised & enlarged edition. | ||
| 260 |
_aNew Delhi : _bSterlingPublishers Private Limited, _c©2003. |
||
| 300 |
_axi, 820 pages ; _billustrations ; _c21 cm. |
||
| 500 | _aIncludes index. | ||
| 650 |
_aConstitutions. _957200 |
||
| 650 |
_aConstitutional law. _937272 |
||
| 650 |
_aComparative law. _957201 |
||
| 700 |
_aBhushan,Vidhya. _eauthor. _957112 |
||
| 942 |
_2ddc _cDC |
||